000
00355nam a2200157Ia 4500
005
20250423101120.0
008
250422s9999 xx 000 0 und d
020
_a
0914511351
050
_a
AY 311.D3 T5/
245
0
_a
Texas almanac
260
_a
Dallas
260
_b
Belo Corp
260
_c
2004
650
_a
Almanacs, American--Texas
942
_c
BK
999
_c
35335
_d
35335